Six Closest Countries - United States - Statistics

General Stats
  • This quiz has been taken 86 times
  • The average score is 5 of 6
Answer Stats
km country miles % Correct
0 Canada 0
100%
0 Mexico 0
100%
153 Cuba 93
86%
83 Bahamas 53
75%
4 Russia 2
61%
758 Jamaica 471
47%
No matching quizzes found
Score Distribution
Percent of People with Each Score
Percentile by Number Answered
Your Score History
You have not taken this quiz